000 00677nam a2200217Ii 4500
001 971
003 CO-ViMGA
008 241108s9999||||xx |||||||||||||| ||und||
020 _a8434230100
040 _aCO-ViMGA
_bspa
_erda
_cCO-ViMGA
041 0 _aspa
082 0 4 _a793.738 C15l
100 1 _aGernot Candolini
_947325
245 1 0 _aLaberintos :
_bguía práctica para meditar, jugar, construir, celebrar y pintar
264 1 _a[Lugar de publicación no identificado] : Mens sana, 2001
300 _avolumen
336 _atext
_btxt
_2rdacontent
337 _aunmediated
_bn
_2rdamedia
338 _avolume
_bnc
_2rdacarrier
940 _aidficha_siabuc: 954. -- ficha_no_siabuc:971
999 _c41909
_d41909